Detras de las nubes / (Registro nro. 9153)

Detalles MARC
000 -LIDER
fixed length control field 00701nam a22002537a 4500
001 - NÚMERO DE CONTROL
Identificador de número de control 0009153
003 - IDENTIFICACDOR DE NÚMERO DE CONTROL
control field DO-SdBNP
005 - DATE AND TIME OF LATEST TRANSACTION
control field 20180122105936.0
007 - CAMPOS FIJOS DE DESCRIPCIÓN FÍSICA
fixed length control field 0009153
008 - ELEMENTOS DE LONGITUD FIJA
fixed length control field 160309b 1963 sp a|||| |||| 00| 0 spa d
040 ## - FUENTE DE CATALOGACIÓN
Agencia que crea de manera original el registro BPMSU
Idioma de catalogación spa
Agencia que realiza la transcripción BPMSU
092 ## - LOCALLY ASSIGNED DEWEY DECIMAL CALL NUMBER
Número de clasificación xxxxx
Número de ítem (Cutter) xxxxx
100 1# - ASIENTO PRINCIPAL -- NOMBRE PERSONAL
Nombre personal Ionescu, Ángela C.
245 10 - MENCIÓN DE TITULO
Título Detras de las nubes /
Mención de responsabilidad Ángela C. Ionescu.
260 ## - PUBLICACIÓN, DISTRIBUCIÓN, ETC. (PIE DE IMPRENTA)
Lugar de publicación, distribución, etc Madrid :
Nombre del editor, distribuidor, etc. Doncel,
Fecha de publicación, distribución, etc 1963.
300 ## - DESCRIPCIÓN FÍSICA
Extensión 119, [8] p. :
Otros detalles físicos il. ;
Dimensiones 26 cm.
490 1# - MENCIÓN DE SERIES
Mención de serie Club del libro juvenil
490 1# - MENCIÓN DE SERIES
Mención de serie La ballena alegre
Volume/sequential designation ; 23
830 #0 - ASIENTO SECUNDARIO DE SERIE--TÍTULO UNIFORME
Título uniforme Club del libro juvenil
830 #0 - ASIENTO SECUNDARIO DE SERIE--TÍTULO UNIFORME
Título uniforme La ballena alegre
Número de la parte o sección de una obra 23
942 ## - ADDED ENTRY ELEMENTS (KOHA)
Source of classification or shelving scheme Dewey Decimal Classification
Koha item type Libros
945 ## - INFORMACIÓN DE PROCESAMIENTO LOCAL
Información de procesamiento local inventariado, 2018 / dg
956 ## - LOCAL ELECTRONIC LOCATION AND ACCESS (OCLC)
Nombre de host LOPEREZ
Número de acceso 10
Existencias
Withdrawn status Lost status Source of classification or shelving scheme Damaged status Not for loan Home library Current library Date acquired Total Checkouts Barcode Date last seen Price effective from Koha item type
    Dewey Decimal Classification     Biblioteca Pública Metropolitana Salomé Ureña Biblioteca Pública Metropolitana Salomé Ureña 03/09/2016   BPMSU16030017 03/09/2016 03/09/2016 Libros